000 00511nam a2200169 i 4500
001 65708
003 ES-MaACL
005 20230906165442.0
007 t|
008 040121s1966 sp ||||1| spa d
100 1 _aFromentin, Pierre.
_952727
245 1 4 _aLos devoradores de almas /
_cPierre Fromentin ; [traducción M. Miralles Casas].
260 _a[Barcelona] :
_bSagitario,
_c[1966]
300 _a182 p., 8 lám. ;
_c21 cm.
700 1 _aMiralles, Marcelo.
_981496
852 _aES-MaACL
_jF-16372
_bR.58448
999 _c65708
_d65708